000
00310nam a2200109Ia 4500
008
190415s9999 xx 000 0 und d
082
_a
307.2 NAT-
100
_a
Mishra, Sujit Kumar/s
245
0
_a
Impoverishment vs. reconstruction in development induced displacement: approache
300
_a
v.p.
942
_c
BK
999
_c
15261
_d
15261